000
00296nam a2200109Ia 4500
008
200302s9999 xx 000 0 und d
100
_a
Paul Oliver
245
_a
Cultural Issues In Vernacular Architecture -Built To Meet Needs(Ukp 65)
260
_b
Elsevier Ltd, NW
260
_c
2006
300
_a
445
999
_c
4623
_d
4623